000 00201nam a22000977a 4500
999 _c533536
_d533536
040 _cdlc
082 _a813.6
100 _aChristine Feehem
_927479
245 _aDangerous Tides
942 _2ddc
_cBK